00353nam a2200145Ia 4500008004100000041000800041082001500049100001600064245003500080250001000115260002800125300000800153365001600161700003000177230718s9999 xx 000 0 und d aeng a620.1bMER aMeriam J.L. aEngineering Mechanics Statics  a4 th  c1998bJohn Wiley & Sons a524 cRs.b403.00 aMeriam J.L. & Karige L.G.